000 00736nam a2200181Ia 4500
008 100917s9999 xx 000 0 und d
082 _b41676
100 _aदेवगिरीकर त्र्यंबक रघुनाथ
245 _aभारतीय सद्वांतत्र्याचा इतिहास
260 _bसमाज शिक्षण प्रकाशन
_c1972
300 _a56
365 _b2
520 _aबालविभाग
630 _aभारतीय सद्वांतत्र्याचा इतिहास
650 _aबालविभाग
730 _aभारतीय सद्वांतत्र्याचा इतिहास
942 _cBOOK
999 _c647070
_d647067